000 00268nam a2200109Ia 4500
008 200302s9999 xx 000 0 und d
100 _aT. M. Stoll & G. I. Evstratov
245 _aBuilding in Hot Climate
260 _bMir Publishers
260 _c1987
300 _a366 P.,
999 _c2339
_d2339